[Event "XIX Sants Open 2017"]
[Site "Cotxeres de Sants"]
[Date "2017.08.19"]
[Round "2"]
[White "Lapiccirella, Daniele"]
[Black "Grigoryan, Karen H"]
[Result "0-1"]
[WhiteElo "2275"]
[BlackElo "2570"]
[Annotator "TA"]
[PlyCount "70"]
[EventDate "2017.??.??"]
[EventType "swiss"]
[EventCountry "ESP"]
[SourceTitle "playchess.com"]
[Source "ChessBase"]
[SourceQuality "1"]

{[%evp 24,70,74,64,64,60,67,23,45,25,32,0,0,-10,-10,-28,-18,-28,-31,-44,-54,-65,-37,-41,0,0,0,0,0,-37,-36,-34,-34,-34,-42,-41,-37,-46,-45,-224,-137,-125,-94,-335,-276,-366,-363,-323,-319]} 1. d4 Nf6 2. c4 c5 3. d5 e6 4. Nc3 exd5 5. cxd5 d6 6. e4 g6 7. Nge2 Bg7 8. Ng3 O-O 9. Be2 a6 10. a4 h5 {A65: Modern Benoni: 6 e4} 11. Bg5 Qc7 12. Qd2 Re8 13. O-O {LiveBook: 6 Games} Nh7 14. Bh6 Bh8 $146 ({Find the theoretical novelty and annotate with similar games:} 14... h4 15. Bxg7 Kxg7 16. Nh1 h3 17. g3 f5 18. exf5 Bxf5 {1-0 (29) Maiorov,N (2552)-Marholev,D (2383) Cappelle-la-Grande 2012}) 15. Bd3 h4 16. Nge2 h3 17. g3 Nd7 18. f3 Ne5 19. Be3 Rb8 20. Rac1 Qa5 21. Nf4 b5 22. axb5 axb5 23. Be2 b4 24. Nd1 c4 25. Bd4 Qa2 $1 26. Rc2 Bd7 $1 27. Ne3 Rec8 28. Bxe5 dxe5 29. Bxc4 Rxc4 30. Nxc4 {[#] Threatens to win with Nd3.} exf4 31. Qxf4 $2 (31. gxf4 $15 Bb5 32. Qxb4) 31... Qa7+ 32. Kh1 b3 {[%mdl 1024] Black has strong compensation.} 33. Nd6 $2 (33. Rcc1 $17 Bb5 34. Rg1) 33... f5 34. Re2 {[#] Strongly threatening e5.} Qa6 35. Rfe1 {[%cal Rd6f5] Nxf5 is the strong threat.} Ra8 {Precision: White = 33%, Black = 92%.} ({Don't take} 35... g5 36. Qd2 $19) 0-1

[Event "XIX Sants Open 2017"]
[Site "Cotxeres de Sants"]
[Date "2017.08.19"]
[Round "2"]
[White "Wadsworth, Matthew J"]
[Black "Ortiz Suarez, Isan Reynaldo"]
[Result "0-1"]
[WhiteElo "2273"]
[BlackElo "2556"]
[Annotator "TA"]
[PlyCount "112"]
[EventDate "2017.??.??"]
[EventType "swiss"]
[EventCountry "ESP"]
[SourceTitle "playchess.com"]
[Source "ChessBase"]
[SourceQuality "1"]

{[%evp 18,112,22,3,8,0,27,-4,0,-3,0,7,7,0,0,0,4,0,0,0,0,0,0,0,0,0,0,-54,0,-10,-23,-40,-48,-28,-15,-15,-15,-21,0,-32,0,-41,-40,-57,-34,-69,-69,-69,-70,-59,-57,-68,-64,-73,0,0,0,0,0,-325,-380,-368,-366,-362,-352,-332,-319,-302,-295,-367,-393,-443,-434,-435,-435,-414,-417,-500,-493,-472,-443,-610,-607,-598,-583,-554,-483,-1946,-1958,-1773,-1572,-1870,-1538,-12845,-12845,-12847,-12847]} 1. e4 c5 2. Nf3 d6 3. d4 cxd4 4. Nxd4 Nf6 5. Nc3 a6 6. Bg5 Nbd7 7. f4 Qa5 {B94: Sicilian Najdorf: 6 Bg5 Nbd7} (7... Qc7 8. Be2 e6 9. O-O Be7 10. Kh1 b5 11. Bf3 Bb7 12. Bxf6 Nxf6 13. e5 dxe5 14. fxe5 Nd7 15. Bxb7 Qxb7 {½-½ (65) Azarov,S (2582)-Fedoseev,V (2690) Minsk 2017}) 8. Qf3 h6 9. Bxf6 Nxf6 10. f5 {LiveBook: 3 Games} g5 11. O-O-O Bg7 12. g4 $146 ({Predecessor:} 12. e5 g4 13. Qf2 dxe5 14. Nb3 Qc7 15. h3 {0-1 (32) Jacko,V (2349)-Huschenbeth,N (2532) Athens 2012}) 12... Bd7 13. h4 Qe5 14. hxg5 hxg5 {aiming for ...Rxh1.} 15. Rxh8+ Bxh8 16. Qe3 Kf8 17. Be2 ({Avoid the trap} 17. Qxg5 $2 Nxe4 18. Nxe4 Qxe4 $17) 17... Rc8 18. Rh1 Bg7 19. Nf3 {[#]} Rxc3 $1 {[%mdl 512]} 20. bxc3 Qxe4 21. Qxe4 Nxe4 22. Bd3 (22. c4 $11) 22... Nf2 ({Black should try} 22... Nxc3 $15 23. Kd2 Bc6) 23. Rg1 Bxc3 24. Nxg5 Bd4 25. Rg3 Be5 26. Rf3 Nxg4 27. Be4 b5 28. Bd5 (28. Ne6+ $5 Kg8 29. Nd8 $15) 28... Nh6 29. Kb1 (29. Ne6+ $5 Kg8 30. Nc7 $17) 29... Kg7 30. Rf1 Bf6 31. Rg1 {[#] Nxf7+ is the strong threat.} Bxg5 $1 ({Don't play} 31... Nxf5 $6 32. Nxf7+ Kh7 33. Be4 $14) 32. Rxg5+ $15 {[%mdl 4096] Endgame KRB-KBN} Kf6 33. Rg3 a5 34. Rc3 Nxf5 35. Rc7 Ne3 (35... Be8 $17) 36. Bxf7 $1 $11 Bf5 37. Be8 b4 38. Ba4 $2 {[%mdl 8192]} (38. Kc1 $11 {and White has nothing to worry.}) 38... Nd5 $19 39. Ra7 Nc3+ 40. Kc1 Nxa4 41. Rxa5 Bd7 42. Ra7 Nc5 43. Ra8 Bc6 44. Rh8 e5 {[%cal Be7e5,Be5e4][%mdl 32]} 45. Rh6+ Ke7 46. Kd2 Bd5 47. Rh4 e4 {Black is clearly winning.} 48. Rh7+ Ke6 49. Ra7 Ke5 50. Ke3 Be6 51. Ra5 Bc4 52. a3 (52. a4 $142) 52... b3 53. cxb3 Bxb3 54. Rb5 Bc4 55. Ra5 Ba6 56. a4 Kd5 {Precision: White = 53%, Black = 77%.} 0-1

[Event "XIX Sants Open 2017"]
[Site "Cotxeres de Sants"]
[Date "2017.08.19"]
[Round "2"]
[White "Juan Bartroli, Pau"]
[Black "Novikov, Stanislav"]
[Result "0-1"]
[WhiteElo "2266"]
[BlackElo "2538"]
[Annotator "TA"]
[PlyCount "80"]
[EventDate "2017.??.??"]
[EventType "swiss"]
[EventCountry "ESP"]
[SourceTitle "playchess.com"]
[Source "ChessBase"]
[SourceQuality "1"]

{[%evp 14,80,37,37,33,3,3,1,19,0,0,-43,-2,-52,9,-53,-14,-16,-21,-20,-21,-28,-28,-35,0,-9,0,0,0,0,0,0,0,0,0,0,0,0,0,0,0,-14,0,-206,-203,-588,-577,-550,-487,-471,-285,-285,-284,-363,-354,-352,-344,-446,-460,-705,-691,-768,-768,-753,-757,-695,-564,-755,-752]} 1. b3 c5 2. Bb2 d5 3. e3 Nc6 4. Bb5 Nf6 5. Nf3 Bg4 6. h3 Bh5 7. g4 {A06: Réti Opening:1 Nf3 d5} Bg6 8. Ne5 {LiveBook: 11 Games} Qc7 (8... Qd6 9. f4 d4 10. Na3 Be4 11. O-O a6 12. Nac4 Qc7 13. Bxc6+ Bxc6 14. exd4 cxd4 15. Bxd4 {1-0 (26) Rapport,R (2698)-Gutman,L (2449) Deizisau 2014}) 9. Nxg6 {White is slightly better.} hxg6 10. Qf3 a6 $146 ({Predecessor:} 10... e6 11. Bxf6 gxf6 12. Qxf6 Rh7 13. Qf3 O-O-O 14. Bxc6 Qxc6 {½-½ (61) Pagac,J (1928)-Michalicka,M (2225) Valasska Bystrice 2014}) 11. Bxc6+ $1 Qxc6 12. c4 e6 (12... d4 $5 {[%cal Rc6f3]} 13. Qxc6+ bxc6 $11) 13. Nc3 Be7 ({Black should play} 13... d4 $15 14. Qxc6+ bxc6) 14. d3 (14. g5 $11 Ne4 15. h4) 14... dxc4 (14... d4 $5 {[%cal Rc6f3]} 15. Qxc6+ bxc6 $11) 15. Qxc6+ bxc6 16. bxc4 Nxg4 17. Ke2 Nf6 18. Rab1 Rb8 19. Ne4 (19. Ba3 $5 {[%cal Rb1b8]} Rxb1 20. Rxb1 $11) 19... Nxe4 20. dxe4 f6 21. Bc3 Kf7 22. Rhd1 Rxb1 23. Rxb1 Rxh3 $11 {[%mdl 4096] Endgame KRB-KRB} 24. Rb6 g5 25. Rxa6 g4 26. Be1 f5 {[%cal Bf6f5,Bf5f4,Bf4f3][%mdl 32]} 27. a4 g5 (27... Rh2 $5 {[%cal Rg4g3]} 28. Kf1 g3 29. fxg3 fxe4 $11) 28. Ra8 $2 {[#]} (28. Bc3 $11 {and White is okay.}) 28... f4 $1 $19 ({And not} 28... fxe4 29. a5 $11) 29. a5 $2 (29. exf4 {is tougher.} gxf4 30. Ra7) 29... f3+ 30. Kd3 Rh1 {White must now prevent ...g3.} 31. Kd2 {[#]} g3 $1 {[%mdl 512]} 32. fxg3 Rh2+ 33. Kd1 f2 34. Bxf2 Rxf2 {KRB-KR} 35. g4 Ra2 {Black is clearly winning.} 36. a6 (36. e5 $142 Ra4 37. a6) 36... Kf6 37. Kc1 Ke5 38. Kb1 Ra5 39. Kc2 Bd6 40. a7 Be7 {Precision: White = 41%, Black = 64%.} 0-1

[Event "XIX Sants Open 2017"]
[Site "Cotxeres de Sants"]
[Date "2017.08.19"]
[Round "2"]
[White "Costantini, Roberto"]
[Black "Munoz, Miguel"]
[Result "1-0"]
[WhiteElo "2253"]
[BlackElo "2497"]
[Annotator "TA"]
[PlyCount "114"]
[EventDate "2017.??.??"]
[EventType "swiss"]
[EventCountry "ESP"]
[SourceTitle "playchess.com"]
[Source "ChessBase"]
[SourceQuality "1"]

{[%evp 12,114,25,28,56,52,52,49,47,34,61,56,54,47,55,32,40,39,39,13,43,37,48,-56,-64,-66,-61,-58,-44,-58,-61,-84,-93,-80,-83,-96,-94,-96,-108,-112,-48,-50,-55,-95,-94,-94,-93,-89,-92,-103,-99,-101,-93,-97,-97,-115,-115,-113,-115,-113,-95,-116,-95,-116,-115,-146,-146,-142,-154,-159,-150,-162,-176,-213,-172,-189,-187,-175,-175,-194,-202,-191,-190,-190,-190,-191,-193,-389,-369,-417,-416,-362,-357,-613,-565,-4020,-2742,-29976,-29976,-29980,-29981,-29981,-29982,-4933,-4918]} 1. e4 d5 2. exd5 Qxd5 3. Nc3 Qa5 4. d4 {[%cal Bd2d4,Bd4d5][%mdl 32]} Nf6 5. Bc4 Nc6 6. d5 Nb4 {B01: Scandinavian Defence} (6... Nb8 7. Bd2 c6 8. Qe2 Qc7 9. dxc6 Nxc6 10. Nf3 Bg4 11. O-O-O a6 12. Bg5 e6 13. Bxf6 Qf4+ 14. Kb1 Bxf3 15. gxf3 Qxf6 {½-½ (65) Lopez Martinez,J (2550)-Munoz Pantoja,M (2451) Linares 2016}) 7. Bd2 {LiveBook: 3 Games. a3 is the strong threat.} Qc5 8. Bb5+ c6 {White is slightly better.} 9. Be3 Qd6 10. dxc6 bxc6 11. Ba4 {Hoping for Qxd6.} Bd7 12. Nf3 Nbd5 $146 ({Predecessor:} 12... g6 13. Qxd6 exd6 14. Bd4 {1-0 (47) Guido,F (2367)-Paleologu,V (2147) Arco 2015}) 13. Bd2 e6 14. O-O Qc7 15. Ne2 Bd6 16. c4 Nb6 17. c5 (17. Ba5 $14) 17... Bxc5 $15 18. Bf4 Qb7 19. Ne5 Rc8 20. Rc1 Be7 21. Nd4 Nxa4 22. Qxa4 {[%cal Rd4c6] [#]} c5 $1 23. Nxd7 Qxd7 24. Nb5 Nd5 25. Bd6 O-O (25... Nb6 $17 26. Qxa7 Qxa7 27. Nxa7 Bxd6 28. Nxc8 Nxc8) 26. Bxe7 Qxe7 27. Qxa7 Qxa7 28. Nxa7 Ra8 29. Nb5 Rxa2 30. Rxc5 Rxb2 31. g3 g6 32. Nd4 Ra8 33. Rc2 Rxc2 34. Nxc2 $17 {[%mdl 4096] Endgame KRN-KRN} Ra2 35. Nd4 Kg7 36. Rd1 Kf6 37. Rd3 g5 38. Rf3+ Ke5 39. Nc6+ Kd6 40. Nd8 f6 41. Rb3 h5 {[%cal Bh7h5,Bh5h4][%mdl 32]} 42. h3 h4 43. Nb7+ Kc6 44. Nd8+ Kd7 45. Nb7 Rc2 46. Rd3 hxg3 47. fxg3 f5 48. Na5 Kd6 49. Nb3 $2 (49. Nb7+ Ke7 50. Na5) 49... e5 $19 {[%cal Be6e5,Be5e4][%mdl 32]} 50. Rf3 f4 51. gxf4 gxf4 {[%cal Bg5f4,Bf4f3,Bf3f2][%mdl 32]} 52. h4 $2 (52. Rf2 Rc3 53. Nd2 Rxh3 54. Ne4+ Ke7 55. Ra2) 52... e4 53. Rh3 Ke5 54. h5 f3 55. h6 Nf4 56. Rh2 {[#]} f2+ $1 {[%mdl 512]} 57. Kf1 (57. Rxf2 Nh3+) 57... e3 {[%mdl 32768] Precision: White = 37%, Black = 76%. . Loss on Time!?} 1-0

[Event "XIX Sants Open 2017"]
[Site "Cotxeres de Sants"]
[Date "2017.08.19"]
[Round "2"]
[White "Hernandez Moya, Yuleisy"]
[Black "Praggnanandhaa R"]
[Result "0-1"]
[WhiteElo "2248"]
[BlackElo "2487"]
[Annotator "TA"]
[PlyCount "98"]
[EventDate "2017.??.??"]
[EventType "swiss"]
[EventCountry "ESP"]
[SourceTitle "playchess.com"]
[Source "ChessBase"]
[SourceQuality "1"]

{[%evp 16,98,42,16,58,25,67,56,62,59,75,70,68,56,68,63,82,70,85,85,84,78,104,90,73,62,43,42,132,128,127,131,136,76,73,45,75,14,6,0,29,0,40,0,0,-76,-29,-45,0,-93,-4,-2,0,0,89,94,181,151,169,161,163,0,0,-37,-37,-41,-41,-154,-141,-143,-132,-304,-295,-1230,-1183,-2154,-2161,-1982,-1770,-1899,-1671,-1534,-1455,-1875,-1775]} 1. e4 e5 2. Nf3 Nc6 3. Bc4 Nf6 4. d3 h6 5. c3 d6 6. h3 {C55: Two Knights: 4 d3, 4 d4 exd4 5 e5 and Max Lange Attack} g6 7. O-O Bg7 8. Re1 O-O 9. Nbd2 {LiveBook: 6 Games} (9. d4 Nd7 10. Na3 Nb6 11. Bb5 Bd7 12. Be3 Kh7 13. dxe5 dxe5 14. Nc4 Qe7 15. a4 Rad8 {0-1 (44) Hou,Y (2666)-Rapport,R (2694) Geneve 2017}) 9... Bd7 10. Bb3 Kh8 11. Nf1 Ng8 $146 ({Predecessor:} 11... Nh7 12. Ng3 Qe8 13. Nh2 Nd8 14. f4 exf4 15. Bxf4 {1-0 (67) Pavlik,G (2173)-Tancik,K (2147) Subotica 2007}) 12. d4 f5 13. dxe5 dxe5 14. exf5 gxf5 15. Ng3 e4 16. Nd4 Nxd4 17. cxd4 Be8 18. Bf4 Qxd4 19. Bxc7 Qxb2 20. Rb1 Qf6 $1 21. Bd5 Bc6 ({Better is} 21... Rc8 $1 $14 22. Rxb7 Ne7 23. Rxa7 Nxd5 24. Qxd5 Rf7) 22. Nh5 $16 Qd4 23. Bxc6 bxc6 24. Nxg7 (24. Qc2 $142) 24... Qxg7 25. Ba5 Rf7 26. Qc2 (26. Re3 $16 Nf6 27. Bc3) 26... Qg6 27. Rb3 Ne7 28. Rg3 Qe6 29. Bc3+ {[%mdl 1024] White has compensation.} Kh7 30. Qe2 (30. f3 $11) 30... Nd5 31. Ba1 Nf4 32. Qb2 (32. Qd2 $1 $11 Nd5 33. Qd4) 32... Nh5 (32... Qd7 $17 {White must now prevent ...Nd3.} 33. Qc2 Rd8) 33. Rb3 $11 {[%cal Bg3b3,Bb3b7,Bb7f7][%mdl 32]} Rc8 34. Rb7 Rg8 (34... Rd8 $11 {remains equal.}) 35. Rd1 $16 Nf4 {[#]} (35... Ng7 $16) 36. Rd6 $1 $18 {[%cal Rd6e6][%mdl 512]} Qc4 ({Wrong is} 36... Rxg2+ $2 37. Kh1 $18) (36... Qxd6 37. Rxf7+) 37. Rxf7+ $1 Qxf7 38. g3 $2 (38. Kh1 $1 $18) 38... Nxh3+ 39. Kh2 Ng5 {( -> ...Qh5+)} 40. Kg2 e3 {[%cal Be4e3,Be3e2][%mdl 32] Strongly threatening ...Ne4.} 41. Qd4 (41. Qc1 $1 $15) 41... e2 $17 ({Stronger than} 41... Qxa2 42. Rd7+ Kg6 43. Rd6+ Kh7 44. Rd7+ Kg6 45. Rd6+ Kh7 $11) 42. Bc3 {[#] Rd7 is the strong threat.} c5 $1 {[%cal Rc5d4,Bc6c5,Bc5c4][%mdl 32]} 43. Qd3 $2 {[#]} (43. Qd5 $17 {might work better.} Qxd5+ 44. Rxd5) 43... c4 $1 $19 {[%cal Rc4d3]} 44. Qd4 $2 (44. Qxe2 Ne4 45. Rc6 Nxc3 46. Qxc4 Qxc4 47. Rxc4 Nxa2 48. Ra4) 44... Qb7+ {Black is clearly winning.} 45. Qd5 Qxd5+ 46. Rxd5 Ne4 47. Rd7+ Kg6 48. Be1 Rc8 {aiming for ...c3.} 49. f3 c3 {Precision: White = 44%, Black = 37%.} 0-1

[Event "XIX Sants Open 2017"]
[Site "Cotxeres de Sants"]
[Date "2017.08.19"]
[Round "2"]
[White "Petit Montes, Marc"]
[Black "Abarca Garcia, Xavier"]
[Result "1-0"]
[WhiteElo "1948"]
[BlackElo "1796"]
[Annotator "NA RC"]
[PlyCount "109"]
[EventDate "2017.??.??"]
[EventType "swiss"]
[EventCountry "ESP"]
[SourceTitle "playchess.com"]
[Source "ChessBase"]
[SourceQuality "1"]
[TimeControl "40/5400+30:1800+30"]

1. b3 {[%emt 0:01:45]} e5 {[%emt 0:00:21]} 2. Bb2 {[%emt 0:00:12]} Nc6 {[%emt 0:00:23]} 3. e3 {[%emt 0:00:21]} Nf6 {[%emt 0:01:41]} 4. Bb5 {[%emt 0:00:20]} Bd6 {[%emt 0:01:26]} 5. Bxc6 {[%emt 0:06:49] A01: Nimzowitsch-Larsen Opening} (5. Na3 a6 6. Be2 Be7 7. Nc4 e4 8. d4 d5 9. Ne5 O-O 10. Nxc6 bxc6 11. c4 a5 12. Qc2 Bb4+ 13. Bc3 {1-0 (34) Vachier Lagrave,M (2796)-Anand,V (2786) Stavanger 2017}) 5... dxc6 {[%emt 0:00:29]} 6. d3 {[%emt 0:00:18]} e4 {[%emt 0:03:35]} 7. d4 $146 {[%emt 0:08:34]} ({Predecessor:} 7. Ne2 Bf5 8. Nbc3 Qe7 9. Ng3 Bxg3 10. hxg3 exd3 11. cxd3 O-O-O 12. d4 h5 {1-0 (63) Savchenko,B (2607)-Lorparizangeneh,S (2456) Dubai 2016}) 7... O-O {[%emt 0:03:16]} 8. Ne2 {[%emt 0:02:19]} Qe7 {[%emt 0:11:02]} 9. c4 {[%emt 0:01:03]} Bb4+ {[%emt 0:05:15]} 10. Nbc3 {[%emt 0:00:46]} Bg4 {[%emt 0:03:27]} 11. h3 {[%emt 0:02:33]} Bxe2 {[%emt 0:03:18]} 12. Qxe2 {[%emt 0:00:36]} Nd7 {[%emt 0:07:38]} 13. a3 {[%emt 0:04:47]} Bxc3+ {[%emt 0:01:20]} 14. Bxc3 {[%emt 0:00:07]} a5 {[%emt 0:07:38]} 15. O-O {[%emt 0:01:59]} f5 {[%emt 0:05:48]} 16. Qd2 {[%emt 0:11:51]} b6 {[%emt 0:05:12]} 17. Rfd1 {[%emt 0:08:08]} Rfd8 {[%emt 0:06:22]} 18. Qb2 {[%emt 0:07:23]} Nf6 {[%emt 0:04:55]} 19. Rac1 {[%emt 0:13:36]} Kf7 {[%emt 0:09:21]} 20. Rc2 {[%emt 0:10:25]} Rd7 {[%emt 0:00:17]} 21. Rcd2 {[%emt 0:04:51]} Rad8 {[%emt 0:00:07]} 22. a4 {[%emt 0:01:20]} Qe6 {[%emt 0:05:02]} 23. Qc2 {[%emt 0:01:33]} Kg8 {[%emt 0:01:11]} 24. Bb2 {[%emt 0:00:36]} Qf7 {[%emt 0:02:14]} 25. Qc3 {[%emt 0:00:29]} h6 {[%emt 0:03:20]} 26. b4 {[%emt 0:00:30]} axb4 {[%emt 0:01:31]} 27. Qxb4 {[%emt 0:00:13]} Qf8 {[%emt 0:02:52]} 28. Qc3 {[%emt 0:01:31]} Qf7 {[%emt 0:00:02]} 29. Qc2 {[%emt 0:03:19]} Qe7 {[%emt 0:00:48]} 30. Bc3 {[%emt 0:01:10]} Qe6 {[%emt 0:01:33]} 31. Bb4 {[%emt 0:02:01]} Kf7 {[%emt 0:01:12]} 32. a5 {[%emt 0:00:27]} Ra8 {[%emt 0:01:44]} 33. Ra1 {[%emt 0:00:49]} c5 {[%emt 0:01:20]} 34. d5 {[%emt 0:02:06]} Qe8 {[%emt 0:00:13]} 35. Bc3 {[%emt 0:00:10]} bxa5 {[%emt 0:01:18]} 36. Rxa5 {[%emt 0:01:01]} Qb8 {[%emt 0:00:38]} 37. Rxc5 {[%emt 0:00:48]} Qb6 {[%emt 0:00:33]} 38. Rb5 {[%emt 0:00:27]} Qa6 {[%emt 0:00:23]} 39. Qb2 {[%emt 0:01:12]} Ne8 {[%emt 0:00:39]} 40. Ra5 {[%emt 0:00:00]} Qc8 {[%emt 0:00:29]} 41. Rxa8 {[%emt 0:11:14]} Qxa8 {[%emt 0:00:24]} 42. Be5 {[%emt 0:00:38]} Qa6 {[%emt 0:04:25]} 43. c5 {[%emt 0:01:58]} Qc4 {[%emt 0:06:36]} 44. Qd4 {[%emt 0:03:42]} Qxd4 {[%emt 0:05:24]} 45. Rxd4 {[%emt 0:00:05]} Nf6 {[%emt 0:05:49]} 46. Bxf6 {[%emt 0:01:56]} Kxf6 {[%emt 0:01:37]} 47. f4 {[%emt 0:00:19]} exf3 {[%emt 0:02:04]} 48. gxf3 {[%emt 0:00:11]} g5 49. f4 {[%emt 0:00:28]} gxf4 {[%emt 0:03:32]} 50. exf4 {[%emt 0:00:07]} Ke7 {[%emt 0:00:43]} 51. Kf2 {[%emt 0:00:13]} Rd8 {[%emt 0:01:47]} 52. Rd3 $18 {[%emt 0:09:48]} Rd7 {[%emt 0:03:33]} 53. Ke3 {[%emt 0:00:49]} Ke8 {[%emt 0:00:40]} 54. Kd4 {[%emt 0:00:12]} Re7 {[%emt 0:00:26]} 55. Re3 {[%emt 0:00:56]} 1-0

[Event "XIX Sants Open 2017"]
[Site "Cotxeres de Sants"]
[Date "2017.08.19"]
[Round "2"]
[White "Marza Vendrell, Conrado"]
[Black "Zvereva, Margarita"]
[Result "1-0"]
[WhiteElo "1943"]
[BlackElo "1795"]
[Annotator "NA"]
[PlyCount "81"]
[EventDate "2017.??.??"]
[EventType "swiss"]
[EventCountry "ESP"]
[SourceTitle "playchess.com"]
[Source "ChessBase"]
[SourceQuality "1"]
[TimeControl "40/5400+30:1800+30"]

1. d4 d5 2. Nf3 e6 3. c4 Nf6 4. g3 c6 5. Bg2 Bb4+ 6. Bd2 Be7 7. Nc3 O-O 8. e3 b6 9. cxd5 cxd5 10. O-O Ba6 11. Re1 Nc6 12. Qa4 Bb7 13. Rec1 a6 14. Qd1 b5 15. Bf1 b4 16. Na4 Ne4 17. b3 f5 18. Be1 g5 19. Nd2 Nf6 20. Nc5 Bxc5 21. Rxc5 f4 22. Rac1 fxe3 23. fxe3 Qe8 24. Bf2 Rc8 25. Bg2 Qf7 26. Qe2 Ng4 27. Rf1 Nxf2 28. Rxf2 Qg6 29. Rxf8+ Rxf8 30. Rc1 Rc8 31. Nf3 Kg7 32. Qd2 h6 33. Bf1 Qf5 34. Be2 Rf8 35. Rf1 Qg6 36. Bd3 Qh5 37. Qg2 Rc8 38. Bb1 g4 39. Nh4 Ne7 40. Qf2 Kg8 41. Qf6 1-0